Statistiques concernant Pays avec un ou plusieurs U

Cliquez ici pour prendre le quiz!

Statistiques générales

  • Ce quiz a été pris 2 102 fois
    (1 807 depuis la dernière actualisation)
  • Le résultat moyen est 52 sur 68

Statistiques - réponses

Nombre de UPays% Correct
UUUUruguay
96%
URussie
92%
UEtats-Unis
89%
UParaguay
89%
UAustralie
88%
USuède
88%
UUUAfrique du Sud
86%
UUTurquie
86%
UBiélorussie
85%
UPortugal
85%
UUUURépublique démocratique du Congo
84%
UURépublique Dominicaine
84%
UAutriche
83%
UUCorée du Sud
83%
UGuinée
83%
UURoyaume-Uni
83%
USoudan
83%
USuisse
83%
UUkraine
83%
UUURépublique du Congo
82%
UUURépublique tchèque
82%
UUUSoudan du Sud
82%
UTunisie
82%
UBulgarie
81%
UOuzbékistan
81%
UGuatemala
80%
ULituanie
80%
UPérou
80%
URoumanie
80%
UTurkménistan
80%
UUTuvalu
80%
UNouvelle-Zélande
79%
UUGuinée-Bissau
78%
UUGuinée équatoriale
78%
UUVanuatu
78%
UCuba
76%
UULuxembourg
76%
USuriname
76%
UVenezuela
76%
UArabie Saoudite
74%
UUEquateur
74%
UGuyana
74%
UNicaragua
74%
UUUPapouasie-Nouvelle-Guinée
74%
UUBurundi
73%
UHonduras
73%
UOuganda
73%
UURépublique Centrafricaine
72%
UMauritanie
71%
UUNauru
71%
UBhoutan
70%
UMexique
69%
UEmirats Arabes Unis
68%
USlovaquie
68%
UBurkina Faso
65%
UCameroun
65%
UCorée du Nord
65%
USainte-Lucie
65%
UUAntigua-et-Barbuda
64%
UBelgique
64%
UDominique
64%
UBrunei
62%
UIle Maurice
61%
UJamaïque
61%
UMozambique
61%
USingapour
61%
UDjibouti
55%
UMacédoine du Nord
42%

Distribution des résultats

Percentile par nombre de réponses

% des personnes avec chaque résultat

Votre développement - résultats

Vous n’avez pas pris ce quiz depuis la dernière actualisation